| 000 | 00460nam a2200181Ia 4500 | ||
|---|---|---|---|
| 001 | 16595 | ||
| 005 | 20260306170321.0 | ||
| 008 | 260306t2007||||xx |||||||||||||| ||und|| | ||
| 041 | _aESP | ||
| 082 |
_a348.8 _bB75 |
||
| 100 |
_aBlancas Bustamante, Carlos _eAUT |
||
| 245 | 0 | _aDerechos fundamentales de la persona y relación de trabajo | |
| 260 | _c2007 | ||
| 300 |
_a280 páginas : _ccm. |
||
| 650 | _aGEN | ||
| 654 | _aCDE | ||
| 942 |
_cLIB _dJUS _fJUS _2ddc _n |
||
| 999 |
_c16595 _d16595 |
||